<?xml version="1.0" encoding="UTF-8"?>
<record
    xmlns:xsi="http://www.w3.org/2001/XMLSchema-instance"
    xsi:schemaLocation="http://www.loc.gov/MARC21/slim http://www.loc.gov/standards/marcxml/schema/MARC21slim.xsd"
    xmlns="http://www.loc.gov/MARC21/slim">

  <leader>02236nas a2200325 i 4500</leader>
  <controlfield tag="001">172937</controlfield>
  <controlfield tag="003">ES-MaACL</controlfield>
  <controlfield tag="005">20251012183201.0</controlfield>
  <controlfield tag="007">t|</controlfield>
  <controlfield tag="008">090917c19051907sp a|         |  1 ||pa d</controlfield>
  <datafield tag="080" ind1=" " ind2=" ">
    <subfield code="a">3 : 061.12(460)</subfield>
  </datafield>
  <datafield tag="110" ind1="2" ind2=" ">
    <subfield code="a">Real Academia de Ciencias Morales y Pol&#xED;ticas (Espa&#xF1;a)</subfield>
    <subfield code="9">222050</subfield>
  </datafield>
  <datafield tag="245" ind1="1" ind2="0">
    <subfield code="a">Discursos de recepci&#xF3;n le&#xED;dos en la Real Academia de Ciencias Morales y Pol&#xED;ticas </subfield>
    <subfield code="g">1905.</subfield>
  </datafield>
  <datafield tag="260" ind1=" " ind2=" ">
    <subfield code="a">Madrid : </subfield>
    <subfield code="b">[s. n.], </subfield>
    <subfield code="c">1905 (Est. Tip. Sucesores de Ribadeneyra)</subfield>
  </datafield>
  <datafield tag="300" ind1=" " ind2=" ">
    <subfield code="a">1 v. ; </subfield>
    <subfield code="c">26 cm.</subfield>
  </datafield>
  <datafield tag="505" ind1="8" ind2=" ">
    <subfield code="a">Contiene: T. VIII: El materialismo hist&#xF3;rico en relaci&#xF3;n con algunas de las principales instituciones civiles del derecho privado / Felipe S&#xE1;nchez Rom&#xE1;n (129 p.). Crisis contempor&#xE1;nea del r&#xE9;gimen parlamentario / P&#xED;o Gull&#xF3;n e Iglesias (63 p.). Contestaci&#xF3;n / Gumersindo de Azc&#xE1;rate y Men&#xE9;ndez (p. 65-85). La autoridad y la propiedad / Victoriano Guisasola y Men&#xE9;ndez (48 p.). Contestaci&#xF3;n / Francisco Javier Gonz&#xE1;lez de Castej&#xF3;n y El&#xED;o, Marqu&#xE9;s del Vadillo (p. 49-77). Nuevos fundamentos de la moral / Manuel Sales Ferr&#xE9; (88 p.). Contestaci&#xF3;n / Eduardo Sanz y Escart&#xED;n (p. 89-123). La condici&#xF3;n de la mujer casada en la esfera del derecho civil / Eduardo de Hinojosa (55 p.). Contestaci&#xF3;n / Marqu&#xE9;s de Pidal (p. 57-77). La representaci&#xF3;n parlamentaria, el sufragio obligatorio y el referendum / Juli&#xE1;n Garc&#xED;a San Miguel (92 p.). Contestaci&#xF3;n / Marqu&#xE9;s de la Vega de Armijo (p. 93-106).</subfield>
  </datafield>
  <datafield tag="700" ind1="1" ind2=" ">
    <subfield code="a">Azc&#xE1;rate, Gumersindo de,</subfield>
    <subfield code="d">1840-1917</subfield>
    <subfield code="9">24243</subfield>
  </datafield>
  <datafield tag="700" ind1="1" ind2=" ">
    <subfield code="a">Aguilar y Correa, Antonio,</subfield>
    <subfield code="c">Marqu&#xE9;s de la Vega de Armijo,</subfield>
    <subfield code="d">1824-1908</subfield>
    <subfield code="9">18751</subfield>
  </datafield>
  <datafield tag="700" ind1="1" ind2=" ">
    <subfield code="a">Sanz y Escart&#xED;n, Eduardo, </subfield>
    <subfield code="d">1855-1939</subfield>
    <subfield code="9">103695</subfield>
  </datafield>
  <datafield tag="700" ind1="1" ind2=" ">
    <subfield code="a">S&#xE1;nchez Rom&#xE1;n, Felipe.</subfield>
    <subfield code="9">102897</subfield>
  </datafield>
  <datafield tag="700" ind1="1" ind2=" ">
    <subfield code="a">Gull&#xF3;n, P&#xED;o.</subfield>
    <subfield code="9">60937</subfield>
  </datafield>
  <datafield tag="700" ind1="1" ind2=" ">
    <subfield code="a">Guisasola y Men&#xE9;ndez, Victoriano, </subfield>
    <subfield code="d">1852-1920</subfield>
    <subfield code="9">60900</subfield>
  </datafield>
  <datafield tag="700" ind1="1" ind2=" ">
    <subfield code="a">Gonz&#xE1;lez de Castej&#xF3;n y El&#xED;o, Francisco Javier,  </subfield>
    <subfield code="c">Marqu&#xE9;s de Vadillo</subfield>
    <subfield code="9">58534</subfield>
  </datafield>
  <datafield tag="700" ind1="1" ind2=" ">
    <subfield code="a">Sales Ferr&#xE9;, Manuel.</subfield>
    <subfield code="9">101880</subfield>
  </datafield>
  <datafield tag="700" ind1="1" ind2=" ">
    <subfield code="a">Hinojosa y Naveros, Eduardo de, </subfield>
    <subfield code="d">1852-1919</subfield>
    <subfield code="9">125519</subfield>
  </datafield>
  <datafield tag="700" ind1="1" ind2=" ">
    <subfield code="a">Pidal y Mon, Luis,  </subfield>
    <subfield code="c">Marqu&#xE9;s de Pidal, </subfield>
    <subfield code="d">1842-1913</subfield>
    <subfield code="9">91891</subfield>
  </datafield>
  <datafield tag="700" ind1="1" ind2=" ">
    <subfield code="a">Garc&#xED;a San Miguel, Juan.</subfield>
    <subfield code="9">55253</subfield>
  </datafield>
  <datafield tag="852" ind1=" " ind2=" ">
    <subfield code="a">ES-MaACL</subfield>
    <subfield code="j">K-190</subfield>
  </datafield>
  <datafield tag="999" ind1=" " ind2=" ">
    <subfield code="c">172937</subfield>
    <subfield code="d">172937</subfield>
  </datafield>
  <datafield tag="952" ind1=" " ind2=" ">
    <subfield code="0">0</subfield>
    <subfield code="1">0</subfield>
    <subfield code="4">0</subfield>
    <subfield code="7">0</subfield>
    <subfield code="8">Hemeroteca</subfield>
    <subfield code="a">ATENEOM</subfield>
    <subfield code="b">ATENEOM</subfield>
    <subfield code="c">ADM</subfield>
    <subfield code="d">2009-09-17</subfield>
    <subfield code="l">0</subfield>
    <subfield code="o">K-190</subfield>
    <subfield code="p">1181465</subfield>
    <subfield code="r">2023-02-23 00:00:00</subfield>
    <subfield code="w">2023-02-23</subfield>
    <subfield code="y">PERIODICA</subfield>
  </datafield>
</record>
